The Book Thief / (Record no. 14394)
[ view plain ]
| 000 -LEADER | |
|---|---|
| fixed length control field | 00623nam a22002297a 4500 |
| 001 - CONTROL NUMBER | |
| JCCL Control Number | 14394 |
| 003 - CONTROL NUMBER IDENTIFIER | |
| JCCL marc code | BD-JhCC |
| 005 - DATE AND TIME OF LATEST TRANSACTION | |
| control field | 20250908110507.0 |
| 008 - FIXED-LENGTH DATA ELEMENTS--GENERAL INFORMATION | |
| fixed length control field | 250908b |||||||| |||| 00| 0 eng d |
| 020 ## - INTERNATIONAL STANDARD BOOK NUMBER | |
| International Standard Book Number | 9780552779739 |
| 035 ## - SYSTEM CONTROL NUMBER | |
| system control number | (BD-JhCC) 14394 |
| 040 ## - CATALOGING SOURCE | |
| Original cataloging agency | BD-JhCC |
| Modifying agency | BD-JhCC |
| 041 ## - LANGUAGE CODE | |
| Language code of Book | eng |
| 082 ## - DEWEY DECIMAL CLASSIFICATION NUMBER | |
| DDC Edition number | 23 |
| Classification number | 809 |
| Author mark and Year | ZUS |
| 100 ## - MAIN ENTRY--PERSONAL NAME | |
| Personal name | Zusak,Markus |
| 245 ## - TITLE STATEMENT | |
| Title | The Book Thief / |
| Statement of responsibility, etc | Markus Zusak |
| 260 ## - PUBLICATION, DISTRIBUTION, ETC. (IMPRINT) | |
| Place of publication, distribution, etc | Great Britain: |
| Name of publisher, distributor, etc | Black Swan, |
| Date of publication, distribution, etc | 2013 |
| 300 ## - PHYSICAL DESCRIPTION | |
| Pagination | 553 p. |
| Other physical details | ill. |
| Dimensions | 20 cm |
| Accompanying material | Paper |
| 650 ## - SUBJECT ADDED ENTRY--TOPICAL TERM | |
| Topical term or geographic name as entry element | English language Study and teaching (Secondary) |
| 650 ## - SUBJECT ADDED ENTRY--TOPICAL TERM | |
| Topical term or geographic name as entry element | Criticism and interpretation |
| 942 ## - ADDED ENTRY ELEMENTS (KOHA) | |
| Source of classification or shelving scheme | Dewey Decimal Classification |
| Koha item type | Books |
| Source of classification or shelving scheme | Damaged status | Not for loan | Collection code | Home library | Current library | Shelving location | Date of accession | Cost, normal purchase price | Total Checkouts | Full call number | Barcode | Date last seen | Date checked out | Copy number | Method of acquisition | Koha item type | Currency |
|---|---|---|---|---|---|---|---|---|---|---|---|---|---|---|---|---|---|
| Dewey Decimal Classification | Non-fiction | JCC Rouf Library | JCC Rouf Library | General Stacks | 09/08/2025 | 799.00 | 2 | 809 ZUS 2013 | 20207 | 11/24/2025 | 11/03/2025 | C-1 | Purchase | Books | BDT | ||
| Dewey Decimal Classification | Non-fiction | JCC Rouf Library | JCC Rouf Library | General Stacks | 799.00 | 1 | 809 ZUS | 20208 | 11/24/2025 | 11/03/2025 | C-2 | Purchase | Books | BDT |